| 000 | 00750nam a2200205 a 4500 | ||
|---|---|---|---|
| 001 | 000021566 | ||
| 005 | 20250501120733.0 | ||
| 008 | 100909s1957 ng 001 0dspa d | ||
| 040 |
_aDO-SdBNP _bspa _cBNPHU |
||
| 082 |
_a972.93053 _bB712v |
||
| 100 | 1 |
_aBonet, Antonio, _944936 |
|
| 245 | 1 | 3 |
_aLa verdad sobre la Era de Trujillo : _brefutación de "La Era" de Galíndez (segunda parte) / _cPbro. Antonio Bonet. |
| 260 |
_aManagua, Nicaragua : _b[s.n.], _c1957. |
||
| 300 |
_a198 p. ; _c23 cm. |
||
| 504 | _aIncluye bibliografía y notas al pie de páginas. | ||
| 650 | 1 | 0 |
_aDemografía _945443 |
| 651 | 4 |
_aRepública Dominicana _xPolítica Y Gobierno _yERA DE TRUJILLO, 1930-1961 _91374 |
|
| 910 | _aValidado. Control de calidad EMS | ||
| 049 | _aBNPD | ||
| 999 |
_c21065 _d21065 |
||